000 00775nam a22002297a 4500
003 UA-OsUOA
001 30607
007 ta
008 20041111b un ||||| |||| 00| 0 ukr d
090 _a821.161.2
_bС79
942 _cBK
040 _aUA-OsUOA
_brus
_cUA-OsUOA
_dUA-OsUOA
245 _aСтефанит и Ихнилат
_bСредневековая книга басен по русским рукописям XV-XVII веков
_cРед. О. П.Лихачева Я. С.ЛурьеПер. с греч Е. Э.Гранстрем В. С.Шандровская
300 _a252 с.
_bІлюстрації
955 _a0
041 _arus
080 _a821.161.2
260 _aЛенинград
_bНаука
_c1969
044 _aRU
650 7 _2UDC
999 _c317020
_d317020